| 000 | 00888nas a2200277 4500 | ||
|---|---|---|---|
| 001 | BR9206396 | ||
| 003 | BR-BrBNA | ||
| 005 | 20231205092919.0 | ||
| 007 | ta | ||
| 008 | 230509b bl.|||p| |||| 00| 00por d | ||
| 040 |
_aBR-BrBNA _bpor _cBiblioteca Nacional de Agricultura |
||
| 041 | _a(Pt) | ||
| 072 | _aL53 | ||
| 100 | 1 | _aCavalcanti, S. de S. | |
| 100 | 1 | _aSampaio, I.B.M. | |
| 100 | 1 | _aMarchatti Neto, A. | |
| 100 | 1 | _aSilva Filho, J.M. da | |
| 100 | 1 | _aMoretti, A. de S. | |
| 245 | 1 | _aEfeito da ocitocina na duracao do parto e natimortalidade em porcas da raca large white | |
| 650 | _aSUÍNO | ||
| 650 | _aPARTO | ||
| 650 | _aMEDICAMENTO | ||
| 773 | 0 |
_tArquivos da Escola de Veterinaria da Universidade Federal de Minas Gerais (Brazil) _xISSN 0365-8384 _g(Dec 1981), v. 33(3) p. 477-481 _wBR9206396 |
|
| 909 |
_a202311 _bLúcia _c55 _dLúcia Elande |
||
| 942 |
_2AGRIS _n0 _cANA |
||
| 999 |
_c135081 _d135081 |
||